<?xml version="1.0" encoding="UTF-8"?><?xml-stylesheet type="text/xsl" href="static/style.xsl"?><OAI-PMH xmlns="http://www.openarchives.org/OAI/2.0/" xmlns:xsi="http://www.w3.org/2001/XMLSchema-instance" xsi:schemaLocation="http://www.openarchives.org/OAI/2.0/ http://www.openarchives.org/OAI/2.0/OAI-PMH.xsd"><responseDate>2026-04-17T06:26:59Z</responseDate><request verb="GetRecord" identifier="oai:www.recercat.cat:2117/408489" metadataPrefix="marc">https://recercat.cat/oai/request</request><GetRecord><record><header><identifier>oai:recercat.cat:2117/408489</identifier><datestamp>2025-07-22T17:19:57Z</datestamp><setSpec>com_2072_1033</setSpec><setSpec>col_2072_452951</setSpec></header><metadata><record xmlns="http://www.loc.gov/MARC21/slim" xmlns:dcterms="http://purl.org/dc/terms/" xmlns:xsi="http://www.w3.org/2001/XMLSchema-instance" xmlns:doc="http://www.lyncode.com/xoai" xsi:schemaLocation="http://www.loc.gov/MARC21/slim http://www.loc.gov/standards/marcxml/schema/MARC21slim.xsd">
   <leader>00925njm 22002777a 4500</leader>
   <datafield ind2=" " ind1=" " tag="042">
      <subfield code="a">dc</subfield>
   </datafield>
   <datafield ind2=" " ind1=" " tag="720">
      <subfield code="a">Gil Domènech, Marta</subfield>
      <subfield code="e">author</subfield>
   </datafield>
   <datafield ind2=" " ind1=" " tag="260">
      <subfield code="c">2024-05-15</subfield>
   </datafield>
   <datafield ind2=" " ind1=" " tag="520">
      <subfield code="a">Els encofrats es plantegen en l’arquitectura com un element temporal, amb un ús concret estretament vinculat a l’aparició d’un nou element. Les tècniques d’encofrat han evolucionat amb el temps influenciades per les necessitats i possibilitats de cada moment, i incideixen directament en les característiques formals d’allò construït.&#xd;
Aquest Treball Final de Grau pretén comprendre el diàleg que s’estableix entre sistema i forma, encofrat i superfície.&#xd;
Per relacionar aquests dos conceptes s’articula la recerca a partir d’un criteri de classificació de les superfícies generatrius de la forma, definint així els apartats d’investigació i la metodologia del treball. En el document es presenten de forma intercalada, els diferents grups establerts de superfícies juntament amb casos d’estudi representatius per cada un d’ells. Amb l’objectiu de conèixer en paral·lel les característiques geomètriques i constructives de cada conjunt. La descripció d’aquests exemples s’acompanya amb dibuixos, que expressen la síntesi entre geometria d’encofrat i forma construïda.&#xd;
Una vegada localitzats els vectors que relacionen la resolució del sistema d’encofrat i les propietats de les superfícies, es proposa un estudi comparatiu que conclou el treball amb dades quantitatives i reflexives.</subfield>
   </datafield>
   <datafield ind2=" " ind1=" " tag="520">
      <subfield code="a">The formwork is proposed as a temporary element, with a specific use closely linked to the final appearance of a new element. Formwork techniques have evolved over time, influenced by the needs and possibilities of each period, which have affected the formal characteristics of architecture.&#xd;
This End-of-Degree Project aims to understand the dialogue established between system and shape, formwork and surface.&#xd;
To relate these two concepts, the research is articulated from a criterion of classification of the generative surfaces of the form, thus defining the research sections and the methodology of the work. The different established groups of surfaces are presented in an interleaved form together with representative case studies for each of them. With the aim of knowing in parallel the geometric and constructive characteristics of each set. The description of these examples is accompanied by drawings, which express the synthesis between formwork geometry and constructed form.&#xd;
Once the vectors that relate the resolution of the formwork system and the properties of the surfaces have been located, a comparative study is proposed that concludes the work with quantitative and reflective data.</subfield>
   </datafield>
   <datafield tag="653" ind2=" " ind1=" ">
      <subfield code="a">Àrees temàtiques de la UPC::Arquitectura::Sistemes de representació arquitectònica</subfield>
   </datafield>
   <datafield tag="653" ind2=" " ind1=" ">
      <subfield code="a">Àrees temàtiques de la UPC::Edificació::Elements constructius d'edificis::Elements estructurals d'edificis</subfield>
   </datafield>
   <datafield tag="653" ind2=" " ind1=" ">
      <subfield code="a">Concrete construction -- Formwork</subfield>
   </datafield>
   <datafield tag="653" ind2=" " ind1=" ">
      <subfield code="a">Hyperboloid structures</subfield>
   </datafield>
   <datafield tag="653" ind2=" " ind1=" ">
      <subfield code="a">Superfícies</subfield>
   </datafield>
   <datafield tag="653" ind2=" " ind1=" ">
      <subfield code="a">Sistemes auxiliars</subfield>
   </datafield>
   <datafield tag="653" ind2=" " ind1=" ">
      <subfield code="a">Encofrats</subfield>
   </datafield>
   <datafield tag="653" ind2=" " ind1=" ">
      <subfield code="a">Formigó</subfield>
   </datafield>
   <datafield tag="653" ind2=" " ind1=" ">
      <subfield code="a">Motlle</subfield>
   </datafield>
   <datafield tag="653" ind2=" " ind1=" ">
      <subfield code="a">Construcció en formigó -- Encofrat</subfield>
   </datafield>
   <datafield tag="653" ind2=" " ind1=" ">
      <subfield code="a">Estructures hiperboloides</subfield>
   </datafield>
   <datafield ind2="0" ind1="0" tag="245">
      <subfield code="a">De l'encofrat a la forma: una mirada a l'espai entre els sistemes d'encofrat i la continuïtat geomètrica</subfield>
   </datafield>
</record></metadata></record></GetRecord></OAI-PMH>